书目信息 |
| 题名: |
马尔柯夫过程论初步及其应用
|
|
| 作者: | Bharucha-Reid , 巴鲁查-赖特 著 ;杨纪珂 , 吴立德 译 | |
| 分册: | ||
| 出版信息: | 上海 上海科学技术出版社 1979 |
|
| 页数: | 476页 | |
| 开本: | 20cm | |
| 丛书名: | ||
| 单 册: | ||
| 中图分类: | O211.62 | |
| 科图分类: | ||
| 主题词: | 马尔柯夫过程 | |
| 电子资源: | ||
| ISBN: | ||
| 000 | 00966nam0 2200277 45 | |
| 001 | 0179001707 | |
| 005 | 20060727165324.29 | |
| 010 | @dCNY1.65 | |
| 091 | @aCN@b13119.751 | |
| 100 | @a19950725d1979 em y0chiy0121 ea | |
| 101 | 1 | @achi@ceng |
| 102 | @aCN@b310000 | |
| 105 | @ay z 000yy | |
| 200 | 10 | @a马尔柯夫过程论初步及其应用@Ama er ke fu guo cheng lun chu bu ji qi ying yong@f()巴鲁查-赖特(A.T.Bharucha-Reid)著@g杨纪珂,吴立德译 |
| 210 | @a上海@c上海科学技术出版社@d1979 | |
| 215 | @a476页@d20cm | |
| 300 | @a书名原文:Elements of the theory of Markov processes and their applications | |
| 510 | 1 | @aElements of the theory of Markov processes and their applications@zeng |
| 606 | @a马尔柯夫过程 | |
| 690 | @aO211.62@v3 | |
| 701 | A1 | @aBharucha-Reid@bA.T.@4著 |
| 701 | 1 | @a巴鲁查-赖特@Aba lu cha lai te@bA.T.@4著 |
| 702 | 0 | @a杨纪珂@Ayang ji ke@4译 |
| 702 | 0 | @a吴立德@Awu li de@4译 |
| 801 | 0 | @aCN@bTSSF@c20060727 |
| 905 | @a10447@dO211.62@e185 | |
| 马尔柯夫过程论初步及其应用/()巴鲁查-赖特(A.T.Bharucha-Reid)著/杨纪珂,吴立德译.-上海:上海科学技术出版社,1979 |
| 476页;20cm |
| 书名原文:Elements of the theory of Markov processes and their applications |
| ISBN :CNY1.65 |
| ● |
| 相关链接 |
|
|
|
|
正题名:马尔柯夫过程论初步及其应用
索取号:O211.62/185
 
预约/预借
| 序号 | 登录号 | 条形码 | 馆藏地/架位号 | 状态 | 备注 |
| 1 | 0442479 | 204424792 | 密集书库/ [索取号:O211.62/185] | 在馆 |